Passport MCSA Managing a windriss 2000 Networke Environment (Record no. 83)

MARC details
000 -LEADER
fixed length control field 00413nam a22001577a 4500
005 - DATE AND TIME OF LATEST TRANSACTION
control field 20160427100813.0
008 - FIXED-LENGTH DATA ELEMENTS--GENERAL INFORMATION
fixed length control field 160427b xxu||||| |||| 00| 0 eng d
020 ## - INTERNATIONAL STANDARD BOOK NUMBER
ISBN 81-7722-278-3
041 ## - LANGUAGE CODE
Language code of text/sound track or separate title eng
082 ## - DEWEY DECIMAL CLASSIFICATION NUMBER
Item number 00245
100 ## - MAIN ENTRY--AUTHOR NAME
Personal name Glenn, Waltea
245 ## - TITLE STATEMENT
Title Passport MCSA Managing a windriss 2000 Networke Environment
260 ## - PUBLICATION, DISTRIBUTION, ETC. (IMPRINT)
Place of publication Delhi
Name of publisher Dream Tech Press, Dauryaganj,
Year of publication 2002
300 ## - PHYSICAL DESCRIPTION
Number of Pages 428
942 ## - ADDED ENTRY ELEMENTS (KOHA)
Koha item type Books
Holdings
Lost status Damaged status Collection code Home library Current library Shelving location Date acquired Source of acquisition Cost, normal purchase price Full call number Accession Number Koha item type
    CS/IT JRU Library JRU Library SHELF-48-G 27/04/2016 PURCHASE 249.00 004 00245 Books
    CS/IT JRU Library JRU Library SHELF-48-G 27/04/2016 PURCHASE 249.00 004 00246 Books
    CS/IT JRU Library JRU Library SHELF-48-G 27/04/2016 PURCHASE 249.00 004 00247 Books